[Event "Titled Tuesday intern op 23rd May Late"]
[Site "Chess.com INT"]
[Date "2023.05.23"]
[Round "4"]
[White "Mirimanian, Hayk"]
[Black "Debray, Christopher"]
[Result "0-1"]
[WhiteElo "2277"]
[BlackElo "2322"]
[PlyCount "174"]
[EventDate "2023.05.23"]
[EventType "swiss (blitz)"]
[EventRounds "11"]
[EventCountry "USA"]
[SourceTitle "EXT 2024"]
[Source "ChessBase"]
[SourceDate "2023.10.10"]
[SourceVersion "1"]
[SourceVersionDate "2023.10.10"]
[SourceQuality "1"]

1. e4 c6 2. Nf3 d5 3. Nc3 dxe4 4. Nxe4 Nf6 5. Qe2 Nxe4 6. Qxe4 Be6 7. c4 Nd7 8. d4 Nf6 9. Qf4 g6 10. Be2 Bg7 11. 0-0 0-0 12. Rd1 b5 13. b3 bxc4 14. bxc4 Qa5 15. Bd2 Qa4 16. Ne5 Rad8 17. Bc3 Qc2 18. Qd2 Qxd2 19. Bxd2 Rxd4 20. Nxc6 Rd7 21. Be3 Rc7 22. Nxa7 Bxc4 23. Nb5 Bxe2 24. Nxc7 Bxd1 25. Rxd1 Rc8 26. Bb6 Ne4 27. a4 Nc3 28. Re1 Nxa4 29. Ba5 e6 30. g3 Bc3 31. Bxc3 Nxc3 32. Na6 Rc4 33. Kg2 Ra4 34. Rc1 Ne2 35. Rc8+ Kg7 36. Rc2 Nf4+ 37. Kf3 Nd3 38. Nc5 Ne1+ 39. Ke2 Nxc2 40. Nxa4 Nd4+ 41. Ke3 Nc6 42. Nc3 f5 43. f4 Kf6 44. Nb5 e5 45. fxe5+ Kxe5 46. Nc3 g5 47. Ne2 Ne7 48. h3 Nd5+ 49. Kf3 h6 50. Nc1 Kd4 51. Ne2+ Kd3 52. Nc1+ Kc3 53. Ne2+ Kd3 54. Nc1+ Kd4 55. Nb3+ Ke5 56. Nc5 Nf6 57. Nd3+ Ke6 58. Nc5+ Ke5 59. Nd3+ Kd4 60. Nb4 Nd5 61. Nc6+ Kc5 62. Ne5 Nf6 63. Nf7 Ng8 64. h4 gxh4 65. gxh4 Kd5 66. Kf4 Ke6 67. Nd8+ Kf6 68. Nb7 Ne7 69. Nc5 Ng6+ 70. Kg3 Ke5 71. Nd3+ Ke4 72. Nc5+ Ke3 73. h5 f4+ 74. Kg2 f3+ 75. Kf1 Nf4 76. Nd7 Nxh5 77. Ne5 Ng3+ 78. Kg1 f2+ 79. Kg2 f1Q+ 80. Kh2 Qf2+ 81. Kh3 Qf1+ 82. Kh4 Nf5+ 83. Kg4 Qf4+ 84. Kh5 Qxe5 85. Kg6 Nd4 86. Kxh6 Qg3 87. Kh5 Kf4 0-1

[Event "Titled Tuesday intern op 23rd May Late"]
[Site "Chess.com INT"]
[Date "2023.05.23"]
[Round "11"]
[White "Mirimanian, Hayk"]
[Black "Ibarra Jerez, Jose Carlos"]
[Result "0-1"]
[WhiteElo "2277"]
[BlackElo "2563"]
[PlyCount "64"]
[EventDate "2023.05.23"]
[EventType "swiss (blitz)"]
[EventRounds "11"]
[EventCountry "USA"]
[SourceTitle "EXT 2024"]
[Source "ChessBase"]
[SourceDate "2023.10.10"]
[SourceVersion "1"]
[SourceVersionDate "2023.10.10"]
[SourceQuality "1"]

1. e4 c5 2. Nf3 e6 3. d4 cxd4 4. Nxd4 Bc5 5. Nb3 Bb6 6. c4 Ne7 7. Nc3 0-0 8. Be2 f5 9. 0-0 f4 10. c5 Bc7 11. Nb5 Be5 12. Nd6 Nbc6 13. Nc4 Ng6 14. Nxe5 Ncxe5 15. f3 b6 16. Kh1 Qg5 17. Bd2 bxc5 18. Nxc5 d6 19. Nb3 Rb8 20. Rc1 h6 21. Be1 Nh4 22. Bxh4 Qxh4 23. Qxd6 Nd7 24. Rxc8 Rbxc8 25. Qxd7 Rc2 26. Qxe6+ Kh8 27. Bd3 Rxb2 28. Nc5 Qg5 29. Qg4 Qxc5 30. e5 Rb6 31. Re1 Qc3 32. Rd1 Qxd3 0-1

[Event "Titled Tuesday intern op 16th May Late"]
[Site "Chess.com INT"]
[Date "2023.05.16"]
[Round "1"]
[White "Mirimanian, Hayk"]
[Black "Lazavik, Denis"]
[Result "1-0"]
[WhiteElo "2277"]
[BlackElo "2544"]
[PlyCount "51"]
[EventDate "2023.05.16"]
[EventType "swiss (blitz)"]
[EventRounds "11"]
[EventCountry "USA"]
[SourceTitle "CBM 214 Extra"]
[Source "ChessBase"]
[SourceDate "2023.07.31"]
[SourceVersion "1"]
[SourceVersionDate "2023.07.31"]
[SourceQuality "1"]

1. e4 c5 2. Nf3 e6 3. b3 Nc6 4. Bb2 a6 5. c4 Qc7 6. Nc3 Nf6 7. g3 d6 8. Bg2 e5 9. 0-0 Be7 10. Nd5 Qd8 11. Ne1 0-0 12. Nc2 Nxd5 13. cxd5 Nd4 14. f4 f5 15. Nxd4 cxd4 16. d3 fxe4 17. dxe4 Bd7 18. Rc1 Qb6 19. Kh1 Rac8 20. Qh5 Bf6 21. Bh3 Rxc1 22. Rxc1 Bxh3 23. Qxh3 d3 24. Qe6+ Kh8 25. Rc8 Rd8 26. Qe8+ 1-0

[Event "Titled Tuesday intern op 16th May Late"]
[Site "Chess.com INT"]
[Date "2023.05.16"]
[Round "8"]
[White "Mirimanian, Hayk"]
[Black "Nazari, Arad"]
[Result "1-0"]
[WhiteElo "2277"]
[BlackElo "2367"]
[PlyCount "107"]
[EventDate "2023.05.16"]
[EventType "swiss (blitz)"]
[EventRounds "11"]
[EventCountry "USA"]
[SourceTitle "CBM 214 Extra"]
[Source "ChessBase"]
[SourceDate "2023.07.31"]
[SourceVersion "1"]
[SourceVersionDate "2023.07.31"]
[SourceQuality "1"]

1. e4 c5 2. Nf3 d6 3. d4 cxd4 4. Nxd4 Nf6 5. Nc3 a6 6. Be3 Ng4 7. Bg5 h6 8. Bh4 g5 9. Bg3 Bg7 10. h3 Nf6 11. Bc4 b5 12. Bb3 b4 13. Nd5 Nxe4 14. Qf3 Nxg3 15. Nc7+ Qxc7 16. Qxf7+ Kd8 17. Qxg7 Re8 18. fxg3 e5 19. Nf5 Qxg7 20. Nxg7 Re7 21. Nh5 Bb7 22. 0-0 Nd7 23. Nf6 Nc5 24. Bd5 Kc7 25. Bxb7 Kxb7 26. Nd5 Rd7 27. Nxb4 d5 28. Rad1 Rad8 29. Rf6 Ne4 30. Rxa6 Nxg3 31. Rxh6 Ne2+ 32. Kf2 Nd4 33. c3 Rf8+ 34. Ke1 Nf5 35. Re6 Ne3 36. Rxe5 Nxd1 37. Kxd1 Rf2 38. Re2 Rf1+ 39. Kd2 d4 40. c4 Rf4 41. Nd3 Rf5 42. g4 Ra5 43. a4 Rc7 44. b4 Rxa4 45. Nc5+ Rxc5 46. bxc5 Rxc4 47. Re5 Kc6 48. Rxg5 Rc3 49. h4 Rg3 50. h5 Kb5 51. h6 Kc4 52. h7 Rg2+ 53. Ke1 d3 54. h8Q 1-0

[Event "Titled Tuesday intern op 14th Mar Late"]
[Site "Chess.com INT"]
[Date "2023.03.14"]
[Round "8"]
[White "Averjanov, Alexey"]
[Black "Mirimanian, Hayk"]
[Result "1-0"]
[WhiteElo "2399"]
[BlackElo "2282"]
[PlyCount "137"]
[EventDate "2023.03.14"]
[EventType "swiss (blitz)"]
[EventRounds "11"]
[EventCountry "USA"]
[SourceTitle "EXT 2024"]
[Source "ChessBase"]
[SourceDate "2023.10.10"]
[SourceVersion "1"]
[SourceVersionDate "2023.10.10"]
[SourceQuality "1"]

1. d4 e6 2. c4 Nf6 3. Nf3 Bb4+ 4. Nbd2 0-0 5. g3 b6 6. Bg2 Bb7 7. 0-0 d5 8. b3 Nbd7 9. Bb2 Ne4 10. Rc1 f5 11. a3 Be7 12. e3 Rc8 13. b4 c5 14. bxc5 bxc5 15. cxd5 exd5 16. dxc5 Ba6 17. Re1 Ndxc5 18. Bf1 Bxf1 19. Nxf1 Qd7 20. Re2 Na4 21. Ba1 Nac3 22. Bxc3 Nxc3 23. Rxc3 Rxc3 24. Rd2 Rd8 25. a4 Bf6 26. Qb1 Rc4 27. a5 Rdc8 28. a6 Rc1 29. Qb7 Qxb7 30. axb7 Rb8 31. Rxd5 Rxb7 32. Kg2 g6 33. N1d2 Rc8 34. h3 Ra8 35. Nc4 a6 36. g4 Rb5 37. Rd6 Be7 38. Re6 fxg4 39. hxg4 Bf8 40. Nd4 Rb4 41. Nb6 Bc5 42. Nxa8 Bxd4 43. exd4 Rxd4 44. Rxa6 Rxg4+ 45. Kf3 Rg5 46. Nc7 Rf5+ 47. Kg2 Rf7 48. Ne6 Re7 49. Ra8+ Kf7 50. Ng5+ Kf6 51. Nf3 h6 52. Ra6+ Kg7 53. Ra5 g5 54. Ra4 Re6 55. Kg3 Kg6 56. Ra5 Rd6 57. Ne5+ Kf6 58. Nf3 Kg6 59. Rb5 Re6 60. Rc5 Kf6 61. Nd4 Ra6 62. Nf5 Kg6 63. Ne3 h5 64. Rd5 Rf6 65. f3 Ra6 66. Nc4 Rc6 67. Ne5+ Kf6 68. Nxc6 Ke6 69. Rxg5 1-0

[Event "Titled Tuesday intern op 14th Mar Late"]
[Site "Chess.com INT"]
[Date "2023.03.14"]
[Round "9"]
[White "Harvey, Marcus Ross"]
[Black "Mirimanian, Hayk"]
[Result "1-0"]
[WhiteElo "2469"]
[BlackElo "2282"]
[PlyCount "59"]
[EventDate "2023.03.14"]
[EventType "swiss (blitz)"]
[EventRounds "11"]
[EventCountry "USA"]
[SourceTitle "EXT 2024"]
[Source "ChessBase"]
[SourceDate "2023.10.10"]
[SourceVersion "1"]
[SourceVersionDate "2023.10.10"]
[SourceQuality "1"]

1. c4 e6 2. g3 Nf6 3. Bg2 d5 4. Nf3 dxc4 5. Qa4+ Nbd7 6. Qxc4 c5 7. d3 b6 8. Nd4 Ne5 9. Nc6 Nxc6 10. Bxc6+ Bd7 11. Bxa8 Qxa8 12. f3 h5 13. Bg5 Nd5 14. Nc3 f6 15. Bd2 h4 16. gxh4 Nb4 17. 0-0-0 Nc6 18. Kb1 Ne5 19. Qf4 Bd6 20. Ne4 Be7 21. Bc3 Nc6 22. Rdg1 Kf8 23. Rxg7 Kxg7 24. Bxf6+ Kh7 25. Ng5+ Kg6 26. Bxe7 Nxe7 27. Qf7+ Kh6 28. Qxe7 Qd5 29. Qf6+ Kh5 30. Qxh8+ 1-0

[Event "Titled Tuesday intern op 14th Mar Late"]
[Site "Chess.com INT"]
[Date "2023.03.14"]
[Round "2"]
[White "Klekowski, Maciej"]
[Black "Mirimanian, Hayk"]
[Result "0-1"]
[WhiteElo "2477"]
[BlackElo "2282"]
[PlyCount "86"]
[EventDate "2023.03.14"]
[EventType "swiss (blitz)"]
[EventRounds "11"]
[EventCountry "USA"]
[SourceTitle "EXT 2024"]
[Source "ChessBase"]
[SourceDate "2023.10.10"]
[SourceVersion "1"]
[SourceVersionDate "2023.10.10"]
[SourceQuality "1"]

1. c4 e6 2. Nc3 Nf6 3. Nf3 Bb4 4. Qb3 c5 5. a3 Ba5 6. g3 Nc6 7. Bg2 0-0 8. 0-0 d5 9. d3 h6 10. Na4 b6 11. Qc2 Bd7 12. b3 Rc8 13. Bb2 d4 14. e3 e5 15. exd4 exd4 16. Bc1 Re8 17. Bd2 Bxd2 18. Nxd2 Ne5 19. Nb2 Bc6 20. Rae1 Bxg2 21. Kxg2 Rc6 22. b4 Rce6 23. Qa4 a5 24. h3 Qa8+ 25. Kg1 axb4 26. axb4 Nf3+ 27. Nxf3 Qxf3 28. Rxe6 Rxe6 29. bxc5 bxc5 30. Qd1 Re2 31. Na4 Nh5 32. Qxe2 Qxe2 33. Nxc5 f5 34. Kg2 f4 35. g4 f3+ 36. Kg1 Nf4 37. Rb1 Nxh3+ 38. Kh2 Nxf2 39. Rb8+ Kh7 40. Kg3 Nxd3 41. Nd7 Qg2+ 42. Kh4 g5+ 43. Kh5 Nf4# 0-1

[Event "Titled Tuesday intern op 14th Mar Late"]
[Site "Chess.com INT"]
[Date "2023.03.14"]
[Round "10"]
[White "Mirimanian, Hayk"]
[Black "Harish, Neeraj"]
[Result "1-0"]
[WhiteElo "2282"]
[BlackElo "2127"]
[PlyCount "65"]
[EventDate "2023.03.14"]
[EventType "swiss (blitz)"]
[EventRounds "11"]
[EventCountry "USA"]
[SourceTitle "EXT 2024"]
[Source "ChessBase"]
[SourceDate "2023.10.10"]
[SourceVersion "1"]
[SourceVersionDate "2023.10.10"]
[SourceQuality "1"]

1. e4 c5 2. Nf3 Nc6 3. d4 cxd4 4. Nxd4 e5 5. Nb5 d6 6. c4 Be6 7. N1c3 a6 8. Na3 g6 9. Nc2 Bg7 10. Be3 Nf6 11. Be2 0-0 12. 0-0 Rc8 13. Qd2 Ne7 14. Na3 Nc6 15. Rfd1 Nd4 16. f3 Nh5 17. Bf1 Nf4 18. Nd5 Nxd5 19. cxd5 Bd7 20. Qb4 b5 21. Qxd6 f5 22. Rac1 fxe4 23. Rxc8 Qxc8 24. Rc1 Qe8 25. fxe4 Qf7 26. Bd3 Bh3 27. Rf1 Qe8 28. Rxf8+ Bxf8 29. Qxa6 Bg4 30. Nxb5 Nxb5 31. Qxb5 Qc8 32. Qc4 Qb8 33. h3 1-0

[Event "Titled Tuesday intern op 14th Mar Late"]
[Site "Chess.com INT"]
[Date "2023.03.14"]
[Round "5"]
[White "Saveliev, Alexei"]
[Black "Mirimanian, Hayk"]
[Result "0-1"]
[WhiteElo "2390"]
[BlackElo "2282"]
[PlyCount "88"]
[EventDate "2023.03.14"]
[EventType "swiss (blitz)"]
[EventRounds "11"]
[EventCountry "USA"]
[SourceTitle "EXT 2024"]
[Source "ChessBase"]
[SourceDate "2023.10.10"]
[SourceVersion "1"]
[SourceVersionDate "2023.10.10"]
[SourceQuality "1"]

1. c4 e6 2. Nc3 Nf6 3. e4 Bb4 4. e5 Ng8 5. Qg4 Kf8 6. Nf3 Nh6 7. Qf4 d6 8. d4 c5 9. d5 exd5 10. cxd5 dxe5 11. Nxe5 f6 12. Bc4 Qe8 13. 0-0 Bxc3 14. bxc3 Qxe5 15. Qd2 Nf7 16. Re1 Qd6 17. Qe2 Qe5 18. Qd2 Qd6 19. Qe2 g5 20. f4 h6 21. Qf2 Kg7 22. Be3 b6 23. Rad1 Ba6 24. Bb3 Nd7 25. c4 Rae8 26. h4 g4 27. h5 Re4 28. Qg3 f5 29. Bc2 Nf6 30. Bc1 Rhe8 31. Bxe4 Nxe4 32. Bb2+ Kh7 33. Qd3 Qxf4 34. Rf1 Qg5 35. d6 Nfxd6 36. Qd5 Bb7 37. Qxf5+ Nxf5 38. Rd7+ Re7 39. Rd8 Qe3+ 40. Kh1 Nfg3+ 41. Kh2 Nxf1+ 42. Kh1 Nf2+ 43. Kg1 Nh3+ 44. Kxf1 Qf2# 0-1

[Event "Rochefort op 21st"]
[Site "Rochefort"]
[Date "2023.02.12"]
[Round "3"]
[White "Ghazarian, Kirk Vagho"]
[Black "Mirimanian, Hayk"]
[Result "1-0"]
[WhiteElo "2471"]
[BlackElo "2281"]
[PlyCount "67"]
[EventDate "2023.02.11"]
[EventType "swiss"]
[EventRounds "9"]
[EventCountry "FRA"]
[SourceTitle "CBM 212 Extra"]
[Source "ChessBase"]
[SourceDate "2023.03.31"]
[SourceVersion "1"]
[SourceVersionDate "2023.03.31"]
[SourceQuality "1"]

1. c4 e5 2. Nc3 Nf6 3. Nf3 Nc6 4. e3 Bb4 5. Qc2 d6 6. Nd5 Bc5 7. a3 a5 8. b3 0-0 9. Bb2 Nxd5 10. cxd5 Ne7 11. Nxe5 Nxd5 12. Nf3 Qe7 13. Bd3 h6 14. 0-0 c6 15. Rfe1 Nf6 16. h3 Re8 17. e4 Nh5 18. Bf1 Bb6 19. d4 Bd7 20. Qc3 Qf6 21. g3 Rac8 22. Bg2 c5 23. Qd2 Qe6 24. g4 Nf6 25. d5 Qe7 26. e5 dxe5 27. Nxe5 Qd8 28. d6 a4 29. Nxd7 Rxe1+ 30. Rxe1 Nxd7 31. b4 cxb4 32. axb4 Nf6 33. Re7 Ne8 34. d7 1-0

[Event "Titled Tuesday intern op 30th Aug Early"]
[Site "Chess.com INT"]
[Date "2022.08.30"]
[Round "5"]
[White "Halkias, Stelios"]
[Black "Mirimanian, Hayk"]
[Result "1-0"]
[WhiteElo "2512"]
[BlackElo "2228"]
[PlyCount "111"]
[EventDate "2022.08.30"]
[EventType "swiss (blitz)"]
[EventRounds "11"]
[EventCountry "USA"]
[SourceTitle "EXT 2023"]
[Source "ChessBase"]
[SourceDate "2022.10.05"]
[SourceVersion "1"]
[SourceVersionDate "2022.10.05"]
[SourceQuality "1"]

1. Nf3 d5 2. d4 Nf6 3. c4 e6 4. g3 Bb4+ 5. Nbd2 dxc4 6. a3 Bxd2+ 7. Bxd2 b5 8. a4 c6 9. Bg2 Bb7 10. 0-0 0-0 11. Bg5 Nbd7 12. Ne5 Qc7 13. Bf4 Nxe5 14. Bxe5 Qd7 15. Bxf6 gxf6 16. e3 f5 17. Qh5 f6 18. Rfe1 a6 19. Rad1 Qf7 20. Qh4 Rad8 21. e4 fxe4 22. Rxe4 Kh8 23. Rde1 c5 24. Rxe6 Bxg2 25. Kxg2 cxd4 26. Re7 Qg6 27. R1e4 Rd5 28. Rxd4 Rxd4 29. Qxd4 Qf5 30. axb5 axb5 31. Rb7 Re8 32. Rb6 Qe4+ 33. Qxe4 Rxe4 34. Rxb5 Kg7 35. Kf3 Rd4 36. h4 Rd2 37. Ke3 Rc2 38. Rb6 Kg6 39. g4 h5 40. g5 Kg7 41. Rb7+ Kg6 42. Rb6 Kg7 43. gxf6+ Kf7 44. f4 c3 45. bxc3 Rxc3+ 46. Ke4 Rc4+ 47. Ke5 Rc5+ 48. Kd4 Rc1 49. Ke4 Rc4+ 50. Ke5 Rc5+ 51. Kd4 Rc1 52. Ra6 Rc7 53. Rd6 Rc1 54. Ke5 Rc5+ 55. Rd5 Rc1 56. Kf5 1-0

[Event "Titled Tuesday intern op 23rd Aug Early"]
[Site "Chess.com INT"]
[Date "2022.08.23"]
[Round "7"]
[White "Agibileg, Uurtsaikh"]
[Black "Mirimanian, Hayk"]
[Result "1-0"]
[WhiteElo "2441"]
[BlackElo "2228"]
[PlyCount "75"]
[EventDate "2022.08.23"]
[EventType "swiss (blitz)"]
[EventRounds "11"]
[EventCountry "USA"]
[SourceTitle "EXT 2023"]
[Source "ChessBase"]
[SourceDate "2022.10.05"]
[SourceVersion "1"]
[SourceVersionDate "2022.10.05"]
[SourceQuality "1"]

1. d4 Nf6 2. c4 e6 3. Nc3 Bb4 4. a3 Bxc3+ 5. bxc3 0-0 6. f3 c5 7. e4 Ne8 8. Bd3 b6 9. Ne2 Ba6 10. 0-0 Nc6 11. d5 Na5 12. f4 f5 13. exf5 exf5 14. g4 Nd6 15. Ng3 Bxc4 16. Bxc4 Naxc4 17. gxf5 Nxf5 18. Nxf5 Rxf5 19. Qd3 Nd6 20. c4 Qf6 21. Ra2 Qd4+ 22. Qxd4 cxd4 23. Rd2 Rc8 24. Rxd4 Rxc4 25. Rxc4 Nxc4 26. Rd1 b5 27. Kf2 Kf8 28. Kf3 Ke7 29. Ke4 g6 30. a4 a6 31. axb5 axb5 32. Bd2 Rh5 33. Bb4+ d6 34. Ra1 Rxh2 35. Ra7+ Kf6 36. Bc3+ Ne5 37. fxe5+ Kg5 38. exd6 1-0

[Event "Titled Tuesday intern op 23rd Aug Early"]
[Site "Chess.com INT"]
[Date "2022.08.23"]
[Round "2"]
[White "Malek, Jan"]
[Black "Mirimanian, Hayk"]
[Result "1-0"]
[WhiteElo "2296"]
[BlackElo "2228"]
[PlyCount "67"]
[EventDate "2022.08.23"]
[EventType "swiss (blitz)"]
[EventRounds "11"]
[EventCountry "USA"]
[SourceTitle "EXT 2023"]
[Source "ChessBase"]
[SourceDate "2022.10.05"]
[SourceVersion "1"]
[SourceVersionDate "2022.10.05"]
[SourceQuality "1"]

1. e4 c5 2. Nf3 d6 3. Bc4 e6 4. d3 a6 5. 0-0 b5 6. Bb3 Bb7 7. a4 Nc6 8. c3 Nf6 9. Re1 Be7 10. d4 cxd4 11. cxd4 d5 12. e5 Ne4 13. Nc3 Nxc3 14. bxc3 b4 15. cxb4 Nxb4 16. Ba3 a5 17. Rc1 0-0 18. Qd2 Ba6 19. Rc3 Rc8 20. Rec1 Rxc3 21. Qxc3 Nd3 22. Bxe7 Nxc1 23. Qc5 Ne2+ 24. Kh1 Qb8 25. Bxf8 Qxb3 26. h4 Qxa4 27. Qe7 Qd1+ 28. Kh2 Qc1 29. g3 Qc8 30. Bxg7 Kxg7 31. Ng5 Qg8 32. Qf6+ Kf8 33. Nxe6+ Ke8 34. Qd8# 1-0

[Event "Titled Tuesday intern op 23rd Aug Late"]
[Site "Chess.com INT"]
[Date "2022.08.23"]
[Round "3"]
[White "Mirimanian, Hayk"]
[Black "Jaracz, Pawel"]
[Result "0-1"]
[WhiteElo "2228"]
[BlackElo "2463"]
[PlyCount "114"]
[EventDate "2022.08.23"]
[EventType "swiss (blitz)"]
[EventRounds "11"]
[EventCountry "USA"]
[SourceTitle "EXT 2023"]
[Source "ChessBase"]
[SourceDate "2022.10.05"]
[SourceVersion "1"]
[SourceVersionDate "2022.10.05"]
[SourceQuality "1"]

1. e4 e5 2. Nf3 Nf6 3. Nxe5 d6 4. Nd3 Nxe4 5. Qe2 Qe7 6. Nf4 Nf6 7. d4 Bf5 8. c3 Qxe2+ 9. Bxe2 Nbd7 10. f3 h5 11. Kf2 g5 12. Nd3 Bh6 13. h4 g4 14. Bxh6 Rxh6 15. Nd2 0-0-0 16. Nf4 Nf8 17. Rhe1 Ng6 18. Nxg6 Rxg6 19. Bc4 d5 20. Re5 gxf3 21. gxf3 dxc4 22. Rxf5 Rdg8 23. Nxc4 Rg2+ 24. Ke3 Re8+ 25. Kd3 Re6 26. Rd1 c6 27. Rd2 Rg3 28. Re2 Kd7 29. Rxe6 Kxe6 30. Re5+ Kd7 31. Rf5 Ke7 32. Ne3 Rh3 33. Ng2 Rg3 34. Ne3 Rh3 35. Ng2 Rh2 36. Nf4 Rxh4 37. a4 Rh1 38. Re5+ Kd6 39. Rf5 Ke7 40. Re5+ Kf8 41. Rf5 Kg7 42. Rg5+ Kh7 43. c4 h4 44. Rf5 Kg7 45. Rg5+ Kh6 46. Rf5 Nh7 47. Rh5+ Kg7 48. d5 cxd5 49. cxd5 f6 50. Ke2 Ng5 51. Ne6+ Kg6 52. Nf4+ Kf5 53. d6 Kxf4 54. Rxg5 Rh2+ 55. Ke1 fxg5 56. d7 Ke3 57. Kf1 Rd2 0-1

[Event "Titled Tuesday intern op 23rd Aug Early"]
[Site "Chess.com INT"]
[Date "2022.08.23"]
[Round "3"]
[White "Mirimanian, Hayk"]
[Black "Putri, Regita Desyari"]
[Result "1-0"]
[WhiteElo "2228"]
[BlackElo "1897"]
[PlyCount "109"]
[EventDate "2022.08.23"]
[EventType "swiss (blitz)"]
[EventRounds "11"]
[EventCountry "USA"]
[SourceTitle "EXT 2023"]
[Source "ChessBase"]
[SourceDate "2022.10.05"]
[SourceVersion "1"]
[SourceVersionDate "2022.10.05"]
[SourceQuality "1"]

1. e4 e5 2. Nf3 Nc6 3. Bb5 a6 4. Ba4 Nf6 5. 0-0 Be7 6. Re1 b5 7. Bb3 d6 8. a3 0-0 9. h3 Na5 10. Ba2 c5 11. d3 Qc7 12. Nc3 h6 13. Bd2 Nc6 14. Nd5 Nxd5 15. Bxd5 Be6 16. c3 Bf6 17. Rc1 Rab8 18. b4 c4 19. dxc4 bxc4 20. Be3 Ne7 21. Bxe6 fxe6 22. Qd2 Rfd8 23. Qe2 Ng6 24. Red1 d5 25. Bc5 Nf4 26. Qf1 Nd3 27. Rxd3 cxd3 28. Qxd3 Qc6 29. Qe2 Rd7 30. exd5 Qxd5 31. Qxa6 Ra8 32. Qb5 Rxa3 33. Nh2 e4 34. Ng4 Bxc3 35. Ne3 Qb7 36. Qc4 Bd2 37. Qxe6+ Rf7 38. Rf1 Kh7 39. Nd5 e3 40. Nxe3 Bxe3 41. Bxe3 Re7 42. Qf5+ Kg8 43. Bc5 Rf7 44. Qe6 Ra6 45. Qe8+ Kh7 46. Re1 Rg6 47. Qe4 Qb5 48. Re3 Qa6 49. h4 Rff6 50. h5 Re6 51. hxg6+ Rxg6 52. Rg3 Qf6 53. Qxg6+ Qxg6 54. Rxg6 Kxg6 55. b5 1-0

[Event "Titled Tuesday intern op 23rd Aug Late"]
[Site "Chess.com INT"]
[Date "2022.08.23"]
[Round "2"]
[White "Riff, Vincent"]
[Black "Mirimanian, Hayk"]
[Result "1-0"]
[WhiteElo "2393"]
[BlackElo "2228"]
[PlyCount "63"]
[EventDate "2022.08.23"]
[EventType "swiss (blitz)"]
[EventRounds "11"]
[EventCountry "USA"]
[SourceTitle "EXT 2023"]
[Source "ChessBase"]
[SourceDate "2022.10.05"]
[SourceVersion "1"]
[SourceVersionDate "2022.10.05"]
[SourceQuality "1"]

1. e4 c5 2. Nc3 a6 3. Nf3 d6 4. d4 cxd4 5. Nxd4 Nf6 6. Be3 e5 7. Nf3 Qc7 8. Bg5 Nbd7 9. Bd3 b5 10. 0-0 Bb7 11. Re1 Be7 12. a3 0-0 13. Nh4 Rfe8 14. Nf5 Bf8 15. Qf3 h6 16. Nxh6+ gxh6 17. Bxf6 Nxf6 18. Qxf6 Re6 19. Qf5 Rg6 20. Nd5 Bxd5 21. exd5 Be7 22. Re3 Qc8 23. Qh5 Rg7 24. Rg3 Rxg3 25. fxg3 Bf8 26. Rf1 Qd7 27. Bh7+ Kg7 28. Bf5 Qe7 29. h4 e4 30. Bxe4 Rc8 31. Qg4+ Kh8 32. Qxc8 1-0

[Event "Titled Tuesday intern op 23rd Aug Late"]
[Site "Chess.com INT"]
[Date "2022.08.23"]
[Round "8"]
[White "Szente Varga, Fruzsina"]
[Black "Mirimanian, Hayk"]
[Result "1-0"]
[WhiteElo "2092"]
[BlackElo "2228"]
[PlyCount "203"]
[EventDate "2022.08.23"]
[EventType "swiss (blitz)"]
[EventRounds "11"]
[EventCountry "USA"]
[SourceTitle "EXT 2023"]
[Source "ChessBase"]
[SourceDate "2022.10.05"]
[SourceVersion "1"]
[SourceVersionDate "2022.10.05"]
[SourceQuality "1"]

1. e4 c5 2. Nf3 d6 3. d4 cxd4 4. Qxd4 a6 5. c4 Nc6 6. Qd3 Bg4 7. Nc3 Rc8 8. b3 g6 9. Bb2 Bg7 10. Be2 Bxf3 11. Bxf3 Ne5 12. Qe2 Nxf3+ 13. Qxf3 b5 14. cxb5 axb5 15. 0-0 b4 16. Na4 Bxb2 17. Nxb2 Nf6 18. Nc4 0-0 19. Rfd1 Qe8 20. e5 dxe5 21. Nxe5 Qb5 22. Ng4 Nxg4 23. Qxg4 Rc2 24. Qe4 Qc5 25. Rf1 Rd8 26. h3 Rdd2 27. Qf3 Kg7 28. a4 bxa3 29. b4 Qxb4 30. Rxa3 Qc5 31. Re3 e6 32. h4 h5 33. g3 Qd4 34. Qe4 Qxe4 35. Rxe4 Kf6 36. Kg2 e5 37. Kf3 Kf5 38. Re3 f6 39. Rb3 Ra2 40. Re3 Rdb2 41. Rc3 Re2 42. Rc5 Ke6 43. Rc6+ Ke7 44. Rc7+ Ke6 45. Rg7 Kf5 46. Rb7 e4+ 47. Kg2 e3 48. Rb5+ Ke6 49. Rb6+ Kf7 50. Rb7+ Kg8 51. Re7 Rxf2+ 52. Rxf2 exf2 53. Rb7 Rd2 54. Ra7 Kf8 55. Rb7 Re2 56. Kf1 Ra2 57. Rc7 Kg8 58. Rb7 Kh8 59. Rc7 Kg8 60. Rb7 f5 61. Rc7 f4 62. gxf4 Ra4 63. Kxf2 Rxf4+ 64. Kg3 Rg4+ 65. Kh3 Kf8 66. Rb7 Rf4 67. Ra7 Rf7 68. Ra6 Kg7 69. Kg3 Rf6 70. Ra7+ Kh6 71. Ra5 Rf5 72. Ra6 Rf1 73. Rb6 Kg7 74. Ra6 Rg1+ 75. Kh2 Rg4 76. Kh3 Kf7 77. Rb6 Re4 78. Ra6 Re6 79. Ra7+ Kf6 80. Ra5 Re3+ 81. Kg2 Re5 82. Ra6+ Kf5 83. Kg3 Re3+ 84. Kg2 Re4 85. Ra5+ Kf4 86. Rg5 Re6 87. Kh3 Rf6 88. Kg2 Ke4 89. Kg3 Ke3 90. Re5+ Kd4 91. Re7 Rc6 92. Re8 Rf6 93. Re7 Kd5 94. Re8 Re6 95. Rd8+ Ke5 96. Rf8 Rf6 97. Re8+ Kf5 98. Ra8 Rd6 99. Ra5+ Kf6 100. Rb5 Re6 101. Kf4 Re5 102. Rxe5 1-0

[Event "Titled Tuesday intern op 23rd Aug Late"]
[Site "Chess.com INT"]
[Date "2022.08.23"]
[Round "4"]
[White "Thiel, Thomas"]
[Black "Mirimanian, Hayk"]
[Result "0-1"]
[WhiteElo "2230"]
[BlackElo "2228"]
[PlyCount "80"]
[EventDate "2022.08.23"]
[EventType "swiss (blitz)"]
[EventRounds "11"]
[EventCountry "USA"]
[SourceTitle "EXT 2023"]
[Source "ChessBase"]
[SourceDate "2022.10.05"]
[SourceVersion "1"]
[SourceVersionDate "2022.10.05"]
[SourceQuality "1"]

1. e4 c5 2. Nc3 a6 3. Nge2 b5 4. g3 Bb7 5. Bg2 Nf6 6. d4 cxd4 7. Nxd4 e6 8. 0-0 b4 9. Na4 Bxe4 10. Bxe4 Nxe4 11. c4 Nc5 12. Bf4 Nxa4 13. Qxa4 Bc5 14. Nb3 Be7 15. Rad1 Nc6 16. Nd4 Qb6 17. Nxc6 Qxc6 18. Qxc6 dxc6 19. Rd3 0-0 20. Rfd1 Rfd8 21. Bc7 Rxd3 22. Rxd3 Rc8 23. Rd7 Kf8 24. Be5 f6 25. Bd4 Rd8 26. Rxd8+ Bxd8 27. Kf1 e5 28. Bc5+ Be7 29. Bb6 c5 30. Ke2 Ke8 31. Kf3 f5 32. g4 g6 33. Bc7 e4+ 34. Ke2 Kd7 35. Bg3 Bd6 36. gxf5 gxf5 37. Ke3 Bxg3 38. hxg3 Ke6 39. g4 Ke5 40. gxf5 Kxf5 0-1